000 00525nam a22001932 4500
001 0000006183
005 20170406121311.0
008 160128s xx 000 0 eng d
020 _c$
040 _aYour Holding Symbol
_cYour Holding Symbol
100 1 _aAttenborough David.
245 1 4 _aThe living planet :
_ba potrait of the earth.
250 _a ed.
260 _aBoston :
_bLittle brown,
_c1984.
300 _a320 p. :
_bill ;
_c cm.
504 _aindex.
650 0 _abiology.
908 _a160128
999 _c5937
_d5937